[Event "IECG TE.2000.P.00401 email"]
[Site "IECG email"]
[Date "2000.07.15"]
[Round "?"]
[White "Parker, Steph"]
[Black "Silance, Leon"]
[Result "0-1"]
[WhiteElo "804"]
[BlackElo "1100"]
[PlyCount "26"]
[EventDate "2000.07.15"]
[EventType "tourn (corr)"]
[EventRounds "12"]
[SourceTitle "Corr 2008"]
[Source "ChessBase"]
[SourceDate "2008.06.24"]
[SourceVersion "1"]
[SourceVersionDate "2008.06.24"]
[SourceQuality "1"]

1. e4 e5 2. Nf3 Nc6 3. Bc4 Nf6 4. Ng5 Bc5 5. Bxf7+ Ke7 6. Bd5 Rf8 7. 0-0 d6 8. Nc3 Bg4 9. Qe1 Nd4 10. d3 Nxc2 11. Qd2 Nxa1 12. h3 Bd7 13. Nxh7 Nxh7 0-1